Food A-Z - Statistics

General Stats
  • This quiz has been taken 579 times
  • The average score is 15 of 26
Answer Stats
Answer % Correct
Eggs
97%
Fish
96%
Ice Cream
92%
Apples
91%
Chicken
90%
Bacon
87%
Doughnuts
85%
Kale
84%
Noodles
82%
Tuna
72%
Lima Beans
69%
Rice
69%
Zucchini
65%
Venison
61%
Pickle
57%
Quesadilla
52%
Ginger
51%
Jelly beans
45%
Horseradish
43%
Mackerel
42%
Upside-down cake
40%
Yams
37%
Okra
23%
Watercress
10%
Scallops
6%
Xylocarp
0%
No matching quizzes found
Score Distribution
Percent of People with Each Score
Percentile by Number Answered
Your Score History
You have not taken this quiz